Cluster analysis for applications / (Record no. 51550)
[ view plain ]
| 000 -LEADER | |
|---|---|
| fixed length control field | 00954nam a2200277 a 4500 |
| 001 - CONTROL NUMBER | |
| control field | 51550 |
| 003 - CONTROL NUMBER IDENTIFIER | |
| rucl marc code | BD-RjUL |
| 005 - DATE AND TIME OF LATEST TRANSACTION | |
| control field | 20211209075658.0 |
| 008 - FIXED-LENGTH DATA ELEMENTS--GENERAL INFORMATION | |
| fixed length control field | 160831s1973 nyua b 001 0 eng |
| 020 ## - INTERNATIONAL STANDARD BOOK NUMBER | |
| International Standard Book Number | 0120576503 |
| 035 ## - SYSTEM CONTROL NUMBER | |
| System control number | (BD-RjUL)51670 |
| 040 ## - CATALOGING SOURCE | |
| Original cataloging agency | BD-RjUL |
| Transcribing agency | DLC |
| Modifying agency | RCD |
| Language of cataloging | eng |
| 041 ## - LANGUAGE CODE | |
| Language code of text/sound track or separate title | eng |
| 082 ## - DEWEY DECIMAL CLASSIFICATION NUMBER | |
| Edition number | 23 |
| Classification number | 519.53 |
| Author mark and year | ANC 1973 |
| 100 1# - MAIN ENTRY--PERSONAL NAME | |
| Personal name | Anderberg, Michael R. |
| Fuller form of name | (Michael Rex), |
| Dates associated with a name | 1941- |
| 9 (RLIN) | 154087 |
| 245 10 - TITLE STATEMENT | |
| Title | Cluster analysis for applications / |
| Statement of responsibility, etc. | [by] Michael R. Anderberg. |
| 260 ## - PUBLICATION, DISTRIBUTION, ETC. (IMPRINT) | |
| Place of publication, distribution, etc. | New York : |
| Name of publisher, distributor, etc. | Academic Press, |
| Date of publication, distribution, etc. | 1973. |
| 300 ## - PHYSICAL DESCRIPTION | |
| Pagination | xiii, 359 p. : |
| Illustrations | ill. ; |
| Size | 24 cm. |
| 490 1# - SERIES STATEMENT | |
| Series statement | Probability and mathematical statistics, 19 |
| 500 ## - GENERAL NOTE | |
| General note | Errata slip inserted. |
| General note | Originally presented as the author's thesis, University of Texas at Austin, 1971. |
| 504 ## - BIBLIOGRAPHY, ETC. NOTE | |
| Bibliography, etc | Bibliography: p. 347-353. |
| 650 #0 - SUBJECT ADDED ENTRY--TOPICAL TERM | |
| Topical term or geographic name as entry element | Cluster analysis. |
| 9 (RLIN) | 154088 |
| 830 #0 - SERIES ADDED ENTRY--UNIFORM TITLE | |
| Uniform title | Probability and mathematical statistics ; |
| Volume number/sequential designation | v. 19. |
| 942 ## - ADDED ENTRY ELEMENTS (KOHA) | |
| Source of classification or shelving scheme | Dewey Decimal Classification |
| Koha item type | Books |
| Lost status | Source of classification or shelving scheme | Damaged status | Not for loan | Collection code | Permanent Location | Current Location | Shelving location | Date acquired | Source of acquisition | Cost, normal purchase price | Total Checkouts | Full call number | Date last seen | Copy number | Koha item type |
|---|---|---|---|---|---|---|---|---|---|---|---|---|---|---|---|
| Dewey Decimal Classification | Non-fiction | Central Library, University of Rajshahi | Central Library, University of Rajshahi | 27/07/1981 | Tulip | 45.00 | 519.53 ANC 1973 | 31/08/2016 | C-2 | Books | |||||
| Dewey Decimal Classification | Not For Loan | Non-fiction | Central Library, University of Rajshahi | Central Library, University of Rajshahi | Reading Room | 27/07/1985 | Tulip | 45.00 | 519.53 ANC 1973 | 13/04/2017 | C-1 | Books |